000 01109nam0a22002771 4500
001 v19\rc\2031218
005 20260407122000.0
035 _a(NLR Aleph) 005105977
090 _a7442076
_c7442076
100 _a20080925d1916 u y0rusy50 ca
101 0 _arus
102 _aRU
105 _aa z |||||
200 1 _aОбучение штыковому бою
_eВзамен ст. ст. 51-60 Устава строевой пехотной службы изд. 1900 г.
_eВыс. утв. 11 апр. 1907 г.
210 _aПетроград
_cВ. Березовский
_d1916
215 _a12 с.
_cил.
_d15
500 1 0 _6z01712
_aУстав строевой пехотной службы
740 1 _aРоссия
_tВоенные уставы и наставления
_3RU\NLR\AUTH\889957977
_9412039
742 1 _aРоссия
_tВоенные уставы и наставления
_3RU\NLR\AUTH\889957977
_9412039
801 0 _aRU
_bNLR
_gpsbo
801 0 _aRU
_bRuMoRGB
_2psbo
801 1 _aRU
_bProSoft-M
_2rusmarc
852 _aNLR
_j37.74.7.142
899 _aRuMoRGB
_jΔ 16/658
942 _cBOOK
980 _aNB